| 000 | 00488nam a2200181 a 4500 | ||
|---|---|---|---|
| 001 | 3600 | ||
| 003 | CO-ViMGA | ||
| 008 | 141112s2004 ck r 000 u spa d | ||
| 040 |
_aCO-ViMGA _bspa _cCO-ViMGA |
||
| 082 | 0 | 4 | _a636.0891 C438 |
| 100 | 1 | _aCheville, Norman | |
| 245 | 1 | 0 | _aIntroducción a la anatomía patalógica general veterinaria |
| 260 |
_aZaragoza : _bAcribia, _c1994 |
||
| 300 | _a629 p : il | ||
| 490 | _aCiencias veterinarias | ||
| 650 | 1 | 4 | _aVETERINARIA |
| 942 |
_2ddc _cBK |
||
| 999 |
_c15641 _d15641 |
||